MDQL
is popping MORE tags! Check the
thread
!
Quizzes
Events
Quiz Creation
Community
Videos
Private Events
Remove Ads
Sign In
Join for FREE
Feedback
Dark Mode
Quiz Categories
Sports
Geography
Music
Movies
Television
Just For Fun
Miscellaneous
History
Literature
Language
Science
Gaming
Entertainment
Religion
Holiday
For Kids
Quiz Lab
Recent
Popular Today
Quiz Kudos Today
Editor Picks
Curator Picks
Quizzes by...
Day
Popularity
Type
Ratings
Length
Year
Community
Subscriptions
Recent Discussions
Orange Saloon
Badges
Playlists
Quests
Create
Leaderboards
Showdown
Live 5
Trivia Bingo
Activity
Puzzle Library
Sporcle Events
Private Events
Virtual Trivia
Globe League
Become a Host
Pub Owners
SporcleCon
Opinionation
Our Games
Videos
Blog
Mobile Apps
Partnerships
Remove Ads and Go Orange
Feedback
Music
Pop Music
The Beatles
Song
Album
Lyrics
Bands
Singers
Artist
Clip
Rock
Rap
Classical
Billboard
Country Music
Kpop
Taylor Swift
Music
Pop Music
The Beatles
Song
Album
Lyrics
Bands
Singers
Artist
Clip
Rock
Rap
Classical
Billboard
Country Music
Kpop
Taylor Swift
Random Quiz
Search Sporcle
×
Quiz Lab
Quiz Lab
Music
Kpop
Type in answers that appear in a list
Type in answers that appear in a list
Classic
Best Score? Go Orange.
Name the KPOP song by english lyrics Stats
Can you name the KPOP song by english lyrics?
By
wooyoungbaby
6m
35 Questions
6,652 Plays
6,652 Plays
6,652 Plays
Comments
Comments
Give Quiz Kudos
Give Quiz Kudos
-
- Ratings
hide this ad
Random Order
Randomize order of answers
Randomize order of answers
Replay
Link that replays current quiz
Next Quiz
Link to next quiz in quiz playlist
You Got
0%
They Got
Avg Score
39%
Avg Friend Score
Upgrade to see
Score Distribution
Jump to the score distribution portion of the page
Score
0/35
Timer
06:00
0
Plays Today
English Line
Song Title
% Correct
You better run~ run~ run~ run~
Run Devil Run
82.9%
Fantastic, Elastic, Fantastic, Elastic.
Ring Ding Dong
77.2%
Her whisper is the _
_
_
_
_
_
_
Lucifer
69.7%
Shawty, shawty, shawty, shawty
Sorry Sorry
67.9%
Dance, dance, dance til we run this town. Oppa, oppa, I'll be, I'll be, down, down, down, down.
Oh!
64.1%
Be crazy, can't let you go. Sad love song, our love's gone
Bad Girl
63.9%
DJ, Put it back on!
Genie
62.4%
I got you~ Under my skin.
Mirotic
61.7%
You don't know me. You don't know me. So shut up boy!
Bad Girl Good Girl
56.9%
Here’s my love baby boy, I just can’t _
_
_
_
_
_
_
Breathe
55.2%
Bounce to you, bounce to you.
Bonamana
51.6%
And we're 'bout to set the roof on fire baby. You better get yours, cos I'm gettin' mine.
Fire
50.3%
Electronic, Manic, Supersonic, Bionic Energy
Hurricane Venus
46.6%
Give it to my _
_
_
Y
46%
Every night I'll be with you. Do you love her? Do you love her?
Abracadabra
43.3%
Do it do it _
_
_
. It's true true true true it's you.
Chu
40.9%
Listen, everything happens for a reason. Everything happens for a reason.
Without U
39.7%
Stop trying to get her back. She ain't coming.She's gone, gotta be moving on.
Heartbeat
38.9%
English Line
Song Title
% Correct
But you better know that I'm not giving you away. Will I every stop waiting, no way.
I'll Be Back
31.2%
I got it like that and everybody knows.That when I rock the mic my super duper flows.
Big Bang
30.4%
Sad, sad, sad, sad, sad, sad, sad tonight.
I'm A Loner
29%
T-
R-
Y Do it now. Can you follow me? Yes uh huh.
Bang!
27.8%
Boom, boom, boom, like it, like it. Boom, boom, boom, like it.
Muzik
27.5%
_
_
_
_
_
sound. _
_
_
_
_
X. Welcome to _
_
_
_
_
world.
Digital Bounce
27.4%
No I can't stop thinking 'bout you girl.
U
27.1%
Sweetie, break me off a piece of that chocolate pie.
Chocolate Love
26.9%
Don't lose your temper, s-
s-
s-
o-
o quickly.
Bo Peep Bo Peep
26.5%
Lalalalalalala Pretty baby. Lalalalalalala Be my lady.
10 Points Out Of 10
23%
Wake up, wake up, wake up, wa-
wake up.
Queen
20.4%
Here we are once again. JYP, stronger than ever. This is Nichkhun.
Don't Stop Can't Stop
17.7%
Baby, are you kidding me. _
_
_
_
_
_
_
_
_
_
_
_
_
_
_
_
_
_
_
_
_
Huh
17.1%
Sing it with me now, 2010. We bringing new love to the floor.
Lupin
16.8%
Make me crazy. Oh oh oh oh oh oh oh oh.
Crazy Because Of You
6.7%
You gotta know, I'm falling in love.
Better Together
6.4%
Breathe in, breathe out.
Soom (Breath)
3.7%
Quiz Playlist
Details
Report
Send in Message
Add To Playlist
Classic:
Type in answers that appear in a list
Random Order:
Randomize order of answers
Last Updated: Feb 16, 2017
Quiz Scoreboard
CHALLENGE
Sign Up to Join the Scoreboard
Show All
Scores
Hide
Comments
May contain spoilers
Recently Published
Find the 'City' Movie
by crazypaving
Movies
60s
5x2 Blitz: Bands
by SL_Kpop136
Music
30s
Colored Red Africa Blitz
by spor1
Geography
30s
More to Explore
Quiz From the Vault
Featured Blog Post
14 Easter Pick-up Lines to Find Eggs With
hide this ad
You Might Also Like...
Tags
Kpop Quiz
Song Quiz
idol
Today's Top Quizzes in Music
Browse Music
hide this ad
Today's Top Quizzes in Kpop
Browse Kpop
Top Contributed Quizzes in Music
1
5X2 Blitz: Bands II
2
5X2 Blitz: The Beatles
3
Taylor Swift All Songs (2024)
4
5X2 Blitz: Billboard
5
Taylor Swift Logic Puzzle II
6
5X2 Blitz: Billboard II
7
5X2 Blitz: Singers
8
5X2 Blitz: Album
9
5X2 Blitz: Rock
10
5X2 Blitz: Lyrics
Explore More
Trending Topics
Crossword
Anime
Harry Potter
Kpop
NBA
Marvel
Disney
Soccer
NFL
WWE
Song
Country
Pokémon
The Office
Puzzle
hide this ad
More By:
wooyoungbaby
Quiz
Plays
Rating
Category
Featured
Created
Name the KPOP song by english lyrics
6,652
4.00
Music
Jan 5, 2011
Go to Creator's Profile
Score Distribution
Quiz Creator Spotlight
wooyoungbaby
Follow
Send a Message
Quizzes Created
-
Created Quiz Play Count
-
More By This Creator
Popular Quizzes Today
1
Colored Red Africa Blitz
2
Find the 'City' Movie
3
Find the US States - No Outlines Minefield
4
5x2 Blitz: Bands
5
The Countries of the World
6
Find the US States
7
US States
8
Find the Countries of Europe - No Outlines Minefield
More Music Quizzes
Album Logicrossword: Taylor Swift
Curator's Pick
Trending Quizzes
Colored Red Europe Blitz I
Colored Red Europe Blitz II
Colored Red Africa Blitz II
Colored Red Europe Blitz III
Colored Red Africa Blitz III
Recently Updated
How Do You Spell That?
pecheneg
Godzilla Movies
pecheneg
Grab Bag: 4-10 Letters
pecheneg
2024 March Madness Bracket
pecheneg
Famous TV Couples
Peacemaker
Champions League XIs: Real Madrid
pecheneg
Largest US Cities 1790-2010
pecheneg
Rides in Walt Disney World
pecheneg
Most Oscar Losses (Acting)
pecheneg
Beyoncé Albums
pecheneg
Trending Topics
Anime
Crossword
Disney
NBA
Marvel
Harry Potter
Kpop
Song
WWE
Pokémon
Soccer
Country
Puzzle
NFL
The Office
Your Account Isn't Verified!
In order to create a playlist on Sporcle, you need to verify the email address you used during registration. Go to your
Sporcle Settings
to finish the process.
Report this User
Report this user for behavior that violates our
Community Guidelines
.
Details:
Send Report
Go to the Sporcle.com Mobile Site →
Comments